000 00579nam a2200181Ia 4500
008 151018s9999 xx 000 0 und d
082 _bRBASDV7373
_a891.463
100 _aदत्ता श्री टोळ
245 _aगुलाम राजा
250 _b1
260 _bनितीन प्रकाशन पुणे
_c1971
300 _a86
600 _aदत्ता श्री टोळ
630 _aगुलाम राजा
700 _aदत्ता श्री टोळ
730 _aगुलाम राजा
942 _cBOOK
999 _c1009741
_d1009738